| 000 | | | 03671nmc2a22002413x 450 |
| 001 | | | a0c29626-a3fc-4334-8d34-a93d0c33dba2 |
| 005 | | | 20210322172533.0 |
| 100 | ## | $a | 20200810l19061917k l0rusy0189 ca |
| 101 | 0# | $a | rus |
| 102 | ## | $a | RU |
| 105 | ## | $a | y### |
| 122 | 2# | $a | d |
| 200 | 1# | $a | Докладные записки и переписка Совета съездов с председателем Совета министров о развитии и нуждах различных отраслей торговли и промышленности |
| | $j | 11 октября 1906 г. - 30 января 1917 г. |
| 215 | ## | $a | 299 л. |
| | $d | 36,5х26 см |
| 251 | ## | $c | Дело |
| 300 | ## | $a | Канцелярия |
| 371 | ## | $a | Документ не является опубликованным и широко распространяемым |
| 461 | #0 | $1 | 001462bc950-73da-43c4-909a-7b2c52d22778 |
| | $1 | 2001 |
| | $a | Совет съездов представителей промышленности и торговли |
| | $1 | 251 |
| | $c | Фонд |
| | $1 | 852 |
| | $j | 32 |
| 462 | #0 | $1 | 0016d63d908-4edb-4782-94eb-bfaf477d4f70 |
| | $1 | 2001 |
| | $a | Опись № 1 |
| | $1 | 251 |
| | $c | Опись |
| | $1 | 852 |
| | $j | 1 |
| 801 | #0 | $a | RU |
| | $b | РГИА |
| | $c | 20200810 |
| | $g | RCR |
| 801 | #1 | $a | RU |
| | $b | ГлавНИВЦ |
| | $c | 20200810 |
| | $2 | rusmarc |
| 801 | #2 | $a | RU |
| | $b | ПБ им. Б.Н. Ельцина |
| | $c | 20210322 |
| | $g | RCR |
| | $2 | rusmarc |
| 850 | ## | $a | РГИА |
| 852 | ## | $a | РГИА |
| | $e | Федеральное казенное учреждение "Российский государственный исторический архив" (РГИА) |
| | $j | 149 |
| 937 | ## | $h | РГИА |
| | $d | 12350662 |
| | $a | ASBIBLIO_SCAN |
| 035 | ## | $a | RusGRCC00011528 |
| 856 | ## | $u | http://readingroom.main.prlib.ru/item.aspx?id_node=n159600710&mode=full |